[Event "FISU World University"]
[Site "Tornelo INT"]
[Date "2020.10.28"]
[Round "9.18"]
[White "Bogdanic, Antonela"]
[Black "Krzysztynska, Anna"]
[Result "1/2-1/2"]
[WhiteElo "1752"]
[BlackElo "1888"]
[PlyCount "96"]
[EventDate "2020.10.26"]
[EventType "team-swiss (rapid)"]
[EventRounds "9"]
[EventCountry "NET"]
[SourceTitle "CBM 199 Extra"]
[Source "ChessBase"]
[SourceDate "2021.01.31"]
[SourceVersion "1"]
[SourceVersionDate "2021.01.31"]
[SourceQuality "1"]
[WhiteTeam "Croatia II"]
[BlackTeam "Poland III"]
[WhiteTeamCountry "CRO"]
[BlackTeamCountry "POL"]

1. Nf3 Nf6 2. g3 g6 3. Bg2 Bg7 4. 0-0 0-0 5. d3 d5 6. Nbd2 c6 7. e4 Nfd7 8. Nh4 e6 9. c3 Na6 10. f4 dxe4 11. dxe4 e5 12. f5 g5 13. Nhf3 f6 14. Nc4 b5 15. Ne3 Bb7 16. Qc2 Qb6 17. Kh1 Rad8 18. Ng4 c5 19. h4 h5 20. Nf2 g4 21. Ne1 c4 22. b3 Nac5 23. Be3 Qc7 24. b4 Na4 25. Nd1 a6 26. Nb2 Ndb6 27. Rf2 Rd7 28. Rd2 Rfd8 29. Rad1 Bc6 30. Qc1 Qb7 31. Rxd7 Rxd7 32. Rxd7 Qxd7 33. Nxa4 Nxa4 34. Bh6 Qb7 35. Bxg7 Kxg7 36. Qe3 Qd7 37. Kg1 Nb2 38. Qe2 Nd3 39. Bf1 Nxe1 40. Qxe1 Qa7+ 41. Kh1 a5 42. a3 axb4 43. axb4 Qa2 44. Bg2 Qc2 45. Qe3 Qd1+ 46. Kh2 Qd7 47. Qe1 Qd3 48. Kh1 Kf7 1/2-1/2

[Event "Bosnjaci op 23rd"]
[Site "Bosnjaci"]
[Date "2018.01.03"]
[Round "1"]
[White "Bogdanic, Antonela"]
[Black "Stocko, Josip"]
[Result "0-1"]
[WhiteElo "1727"]
[BlackElo "2308"]
[PlyCount "42"]
[EventDate "2018.01.03"]
[EventType "swiss"]
[EventRounds "9"]
[EventCountry "CRO"]
[SourceTitle "CBM 182 Extra"]
[Source "ChessBase"]
[SourceDate "2018.02.23"]
[SourceVersion "1"]
[SourceVersionDate "2018.02.23"]
[SourceQuality "1"]

1. Nf3 Nf6 2. g3 c5 3. Bg2 Nc6 4. 0-0 e5 5. d3 Be7 6. e4 d6 7. Nbd2 Be6 8. Ng5 Bg4 9. f3 Bd7 10. Nh3 h5 11. f4 h4 12. gxh4 Rxh4 13. Nf3 Rxh3 14. Bxh3 Bxh3 15. Re1 Bg4 16. c3 exf4 17. Bxf4 Nh5 18. Bg3 Nxg3 19. hxg3 Ne5 20. Qa4+ b5 21. Qxb5+ Bd7 0-1

[Event "Krk Golden Island op 4th"]
[Site "Malinska"]
[Date "2016.10.29"]
[Round "1"]
[White "Bogdanic, Antonela"]
[Black "Groetz, Harald"]
[Result "0-1"]
[WhiteElo "1691"]
[BlackElo "2272"]
[PlyCount "72"]
[EventDate "2016.10.29"]
[EventType "swiss"]
[EventRounds "9"]
[EventCountry "CRO"]
[SourceTitle "CBM 175 Extra"]
[Source "ChessBase"]
[SourceDate "2016.12.12"]
[SourceVersion "1"]
[SourceVersionDate "2016.12.12"]
[SourceQuality "1"]

1. Nf3 Nf6 2. g3 g6 3. Bg2 Bg7 4. 0-0 0-0 5. d3 c5 6. e4 d6 7. Nc3 Nc6 8. h3 Rb8 9. a4 a6 10. Be3 e5 11. Qd2 Nd4 12. Kh2 b5 13. axb5 axb5 14. Ne2 b4 15. Nfxd4 cxd4 16. Bh6 Nd7 17. Bxg7 Kxg7 18. f4 f6 19. Rfb1 Qb6 20. Nc1 Nc5 21. Bf3 Be6 22. c3 bxc3 23. bxc3 Qxb1 24. Rxb1 Rxb1 25. cxd4 exd4 26. Ne2 Ra8 27. Qc2 Rab8 28. Qd2 Bf7 29. Kg2 R8b2 30. Qa5 Nxd3 31. Qa6 Ne1+ 32. Kf2 d3 33. Qxd6 Nxf3 34. Kxf3 dxe2 35. e5 fxe5 36. fxe5 Rf1+ 0-1

[Event "CRO-chT (Women)"]
[Site "Sibenik"]
[Date "2016.10.14"]
[Round "8.4"]
[White "Bogdanic, Antonela"]
[Black "Racki, Barbara"]
[Result "1-0"]
[WhiteElo "1691"]
[BlackElo "1907"]
[PlyCount "109"]
[EventDate "2016.10.08"]
[EventType "team-tourn"]
[EventRounds "9"]
[EventCountry "CRO"]
[SourceTitle "EXT 2017"]
[Source "ChessBase"]
[SourceDate "2016.10.25"]
[SourceVersion "1"]
[SourceVersionDate "2016.10.25"]
[SourceQuality "1"]
[WhiteTeam "Rijeka Draga (W)"]
[BlackTeam "Rijeka Liburnija (W)"]
[WhiteTeamCountry "CRO"]
[BlackTeamCountry "CRO"]

1. Nf3 Nf6 2. g3 g6 3. Bg2 Bg7 4. 0-0 d6 5. d3 0-0 6. e4 e5 7. Nbd2 Re8 8. Re1 c6 9. a4 Qc7 10. Nc4 Nbd7 11. d4 exd4 12. Qxd4 d5 13. Bf4 Qd8 14. exd5 Rxe1+ 15. Rxe1 Nxd5 16. Be5 Nxe5 17. Nfxe5 Be6 18. Qc5 Qc7 19. Qd6 Qxd6 20. Nxd6 Rb8 21. Bf1 Bf8 22. Ne4 Kg7 23. c3 Re8 24. Nf3 Bg4 25. Ned2 Rxe1 26. Nxe1 b6 27. Nd3 Bd6 28. Nc4 Bc7 29. Nce5 Bxe5 30. Nxe5 Bd1 31. Nxc6 Bxa4 32. Nxa7 Bd7 33. Nb5 Kf6 34. Bd3 Ke7 35. Kf1 Nf6 36. f3 Bc6 37. Nd4 Bb7 38. Kf2 Nd7 39. Be4 Bxe4 40. fxe4 Nc5 41. Ke3 Na4 42. b4 Nxc3 43. Kd3 Nb1 44. Nb5 Kd7 45. Kc2 f5 46. exf5 gxf5 47. Kxb1 Kc6 48. Nd4+ Kd5 49. Nxf5 Kc4 50. h4 Kxb4 51. Kc2 Kc4 52. g4 Kd5 53. Kd3 b5 54. Nd4 Ke5 55. Ke3 1-0

[Event "CRO-chT (Women) 24th"]
[Site "Bol"]
[Date "2015.10.06"]
[Round "5.44"]
[White "Bogdanic, Antonela"]
[Black "Sargac, Rajna"]
[Result "0-1"]
[WhiteElo "1614"]
[BlackElo "2161"]
[PlyCount "54"]
[EventDate "2015.10.03"]
[EventType "team-tourn"]
[EventRounds "9"]
[EventCountry "CRO"]
[SourceTitle "CBM 168 Extra"]
[Source "ChessBase"]
[SourceDate "2015.10.29"]
[SourceVersion "1"]
[SourceVersionDate "2015.10.29"]
[SourceQuality "1"]
[WhiteTeam "Rijeka Draga (W)"]
[BlackTeam "Busevec Polet (W)"]
[WhiteTeamCountry "CRO"]
[BlackTeamCountry "CRO"]

1. Nf3 e6 2. g3 f5 3. Bg2 Nf6 4. 0-0 d5 5. c4 c6 6. d3 Bc5 7. Nc3 0-0 8. b3 e5 9. e3 e4 10. Ne5 d4 11. Ne2 Qd6 12. exd4 Bxd4 13. Nxd4 Qxd4 14. Bf4 g5 15. dxe4 Qxd1 16. Raxd1 gxf4 17. gxf4 fxe4 18. Rd4 Bf5 19. Kh1 Nbd7 20. Rg1 Kh8 21. Nxd7 Bxd7 22. Bxe4 Nxe4 23. Rxe4 Bf5 24. Re7 Rae8 25. Rge1 Rxe7 26. Rxe7 Rd8 27. Rxb7 Bh3 0-1

[Event "CRO-ch U17 Girls"]
[Site "Krapinske Toplice"]
[Date "2015.07.31"]
[Round "9"]
[White "Sarcevic, Matea"]
[Black "Bogdanic, Antonela"]
[Result "0-1"]
[WhiteElo "1466"]
[BlackElo "1642"]
[PlyCount "62"]
[EventDate "2015.07.25"]
[EventType "swiss"]
[EventRounds "9"]
[EventCountry "CRO"]
[SourceTitle "CBM 167 Extra"]
[Source "ChessBase"]
[SourceDate "2015.09.14"]
[SourceVersion "1"]
[SourceVersionDate "2015.09.14"]
[SourceQuality "1"]

1. e4 e5 2. Nf3 Nc6 3. Bb5 Nd4 4. Nxd4 exd4 5. 0-0 Bc5 6. c3 c6 7. Ba4 d6 8. cxd4 Bxd4 9. Nc3 Nf6 10. d3 0-0 11. Be3 Bxe3 12. fxe3 Ng4 13. Qe2 Qg5 14. Rae1 f5 15. h3 Ne5 16. Bb3+ Kh8 17. d4 Ng6 18. Rf2 f4 19. exf4 Nxf4 20. Qd2 Nxh3+ 21. Kh2 Rxf2 22. Qxg5 Nxg5 23. Kg1 Rf8 24. Re3 Bd7 25. a4 Rae8 26. Bc2 Ne6 27. d5 Nd4 28. Bd3 Re5 29. Re1 Rf6 30. b4 Rg6 31. b5 Nf3+ 0-1

[Event "CRO-ch U17 Girls"]
[Site "Krapinske Toplice"]
[Date "2015.07.29"]
[Round "7"]
[White "Bogdanic, Antonela"]
[Black "Sarcevic, Nikolina"]
[Result "0-1"]
[WhiteElo "1642"]
[BlackElo "1571"]
[PlyCount "146"]
[EventDate "2015.07.25"]
[EventType "swiss"]
[EventRounds "9"]
[EventCountry "CRO"]
[SourceTitle "CBM 167 Extra"]
[Source "ChessBase"]
[SourceDate "2015.09.14"]
[SourceVersion "1"]
[SourceVersionDate "2015.09.14"]
[SourceQuality "1"]

1. Nf3 Nf6 2. g3 g6 3. Bg2 Bg7 4. 0-0 0-0 5. d3 d5 6. Nbd2 Nc6 7. e4 dxe4 8. dxe4 e5 9. b3 Re8 10. Bb2 b5 11. a4 Ba6 12. Re1 b4 13. Rc1 Nd4 14. c3 Nxf3+ 15. Bxf3 c5 16. cxb4 cxb4 17. Nc4 Bxc4 18. Rxc4 a5 19. Qxd8 Raxd8 20. Rc5 Ra8 21. Rxe5 Nd7 22. Rxe8+ Rxe8 23. Bxg7 Kxg7 24. Rc1 Re5 25. Re1 Nc5 26. Re3 Kf8 27. Bg2 Re6 28. f3 Ke7 29. Bf1 f5 30. e5 h6 31. Bc4 Rc6 32. Kf2 Nxa4 33. Bb5 Rc2+ 34. Re2 Rxe2+ 35. Bxe2 Nc5 36. Bc4 a4 37. bxa4 Nxa4 38. Ke3 g5 39. f4 gxf4+ 40. Kxf4 Nb2 41. Bb3 Nd3+ 42. Kxf5 h5 43. h3 Nc5 44. Bc2 Ne6 45. Kg6 Nd4 46. Bd3 h4 47. gxh4 Nf3 48. Kf5 Nxh4+ 49. Kg4 Ng2 50. Kg3 Ne3 51. h4 b3 52. h5 b2 53. h6 Kf8 54. e6 Nd5 55. Kg4 Ne7 56. Kg5 Kg8 57. Kf6 Nd5+ 58. Ke5 Ne7 59. Kd6 Nc8+ 60. Kd7 Nb6+ 61. Kd8 Nd5 62. Bc4 b1Q 63. Bxd5 Qf5 64. Ba2 Qa5+ 65. Kd7 Qxa2 66. e7 Qd5+ 67. Kc8 Kf7 68. h7 Qe6+ 69. Kb8 Qd6+ 70. Kc8 Qc6+ 71. Kb8 Qe8+ 72. Kc7 Kxe7 73. Kb7 Kd7 0-1

[Event "CRO-ch U17 Girls"]
[Site "Krapinske Toplice"]
[Date "2015.07.27"]
[Round "4"]
[White "Klaric, Nikolina"]
[Black "Bogdanic, Antonela"]
[Result "1-0"]
[WhiteElo "1729"]
[BlackElo "1642"]
[PlyCount "96"]
[EventDate "2015.07.25"]
[EventType "swiss"]
[EventRounds "9"]
[EventCountry "CRO"]
[SourceTitle "CBM 167 Extra"]
[Source "ChessBase"]
[SourceDate "2015.09.14"]
[SourceVersion "1"]
[SourceVersionDate "2015.09.14"]
[SourceQuality "1"]

1. e4 e5 2. Nf3 Nc6 3. d4 exd4 4. Nxd4 Bc5 5. Be3 Qf6 6. c3 Nge7 7. g3 0-0 8. Nc2 Bb6 9. Nd2 d5 10. Bg2 Rd8 11. Qf3 Qxf3 12. Bxf3 Ne5 13. Bxb6 axb6 14. Be2 dxe4 15. Nxe4 Bf5 16. f3 Nd5 17. Kf2 Re8 18. Ne3 Bxe4 19. fxe4 Nf6 20. Nd5 Nxd5 21. exd5 Rad8 22. Rad1 Rd6 23. Rhe1 f6 24. h3 Red8 25. c4 Kf8 26. a3 b5 27. b3 bxc4 28. Bxc4 Nxc4 29. bxc4 Ra8 30. Ra1 Ra4 31. Reb1 b6 32. Rb4 Ra5 33. Ke3 Kf7 34. Kd4 g6 35. Rb3 Rd8 36. Re1 Rd6 37. Rbe3 Rd7 38. Rb3 Rd6 39. Rc3 Rd7 40. Rb3 h6 41. g4 Ra8 42. Re6 Re8 43. Rbe3 Ra8 44. Rf3 Rd6 45. Rfxf6+ Kg7 46. Rxg6+ Kf7 47. Rxd6 cxd6 48. Rxd6 Rxa3 1-0

[Event "CRO-chT U16 Girls 9th"]
[Site "Krapinske Toplice"]
[Date "2014.12.27"]
[Round "1.13"]
[White "Smetisko, Lucija"]
[Black "Bogdanic, Antonela"]
[Result "0-1"]
[WhiteElo "1584"]
[BlackElo "1539"]
[PlyCount "52"]
[EventDate "2014.12.27"]
[EventType "team-tourn"]
[EventRounds "7"]
[EventCountry "CRO"]
[SourceTitle "EXT 2019"]
[Source "ChessBase"]
[SourceDate "2018.10.10"]
[SourceVersion "1"]
[SourceVersionDate "2018.10.10"]
[SourceQuality "1"]

1. e4 e5 2. Nf3 Nc6 3. Bc4 Bc5 4. c3 Nf6 5. d3 a6 6. b4 Ba7 7. a4 d6 8. h3 h6 9. b5 Ne7 10. Nbd2 axb5 11. Bxb5+ Bd7 12. Bb2 c6 13. Bc4 d5 14. Bb3 Ng6 15. exd5 cxd5 16. Qe2 0-0 17. 0-0 Re8 18. c4 Nf4 19. Qe1 Nxd3 20. Qb1 Nxb2 21. Qxb2 d4 22. Rfe1 Qc7 23. Qc2 Rad8 24. Qd3 Bc6 25. Qf5 e4 26. Nh2 Bd7 0-1

[Event "CRO-chT U20 23rd"]
[Site "Sv Filip i Jakov"]
[Date "2014.04.17"]
[Round "7.2"]
[White "Pavic, Filip"]
[Black "Bogdanic, Antonela"]
[Result "1-0"]
[WhiteElo "1963"]
[BlackElo "1502"]
[PlyCount "69"]
[EventDate "2014.04.14"]
[EventType "team-tourn"]
[EventRounds "11"]
[EventCountry "CRO"]
[SourceTitle "EXT 2016"]
[Source "ChessBase"]
[SourceDate "2015.10.08"]
[SourceVersion "1"]
[SourceVersionDate "2015.10.08"]
[SourceQuality "1"]

1. e4 e5 2. Nf3 Nc6 3. Bb5 Nge7 4. c3 d6 5. h3 Bd7 6. d4 Ng6 7. 0-0 Be7 8. d5 Nb8 9. Bd3 h6 10. b4 Bg5 11. Bb2 b6 12. c4 Nf4 13. Re1 Qc8 14. Bf1 a5 15. c5 Nxh3+ 16. gxh3 Bxh3 17. Nh2 h5 18. Bxh3 Qxh3 19. Qf3 Qxf3 20. Nxf3 Bf4 21. cxd6 cxd6 22. Bc1 f6 23. Bxf4 exf4 24. bxa5 bxa5 25. Nd4 g5 26. Nc3 Nd7 27. Ncb5 Ke7 28. Nf5+ Kd8 29. Nbxd6 Ne5 30. Nd4 h4 31. N6f5 g4 32. Rab1 Ke8 33. Rb7 h3 34. Nd6+ Kf8 35. Ne6+ 1-0

[Event "Krk Golden Island op 2nd"]
[Site "Malinska"]
[Date "2014.04.09"]
[Round "5"]
[White "Unutmaz, Ergun"]
[Black "Bogdanic, Antonela"]
[Result "0-1"]
[WhiteElo "1429"]
[BlackElo "1502"]
[PlyCount "41"]
[EventDate "2014.04.06"]
[EventType "swiss"]
[EventRounds "9"]
[EventCountry "CRO"]
[SourceTitle "CBM 159 Extra"]
[Source "ChessBase"]
[SourceDate "2014.04.24"]
[SourceVersion "1"]
[SourceVersionDate "2014.04.24"]
[SourceQuality "1"]

1. d4 Nf6 2. c4 e6 3. Nf3 Bb4+ 4. Bd2 Qe7 5. Qc2 b6 6. Bxb4 Qxb4+ 7. Nc3 Bb7 8. Nd2 Qe7 9. e4 d6 10. Be2 0-0 11. Bf3 e5 12. d5 Nbd7 13. 0-0 Rfe8 14. Qd1 Nc5 15. Qe2 c6 16. b4 Ncd7 17. Bg4 Nxg4 18. Qxg4 Nf6 19. Qh4 cxd5 20. Nxd5 Nxd5 21. cxd5 0-1

[Event "Krk Golden Island op 2nd"]
[Site "Malinska"]
[Date "2014.04.07"]
[Round "3"]
[White "Bogdanic, Antonela"]
[Black "Samblic, Silvano"]
[Result "1/2-1/2"]
[WhiteElo "1502"]
[BlackElo "1944"]
[PlyCount "23"]
[EventDate "2014.04.06"]
[EventType "swiss"]
[EventRounds "9"]
[EventCountry "CRO"]
[SourceTitle "CBM 159 Extra"]
[Source "ChessBase"]
[SourceDate "2014.04.24"]
[SourceVersion "1"]
[SourceVersionDate "2014.04.24"]
[SourceQuality "1"]

1. e4 e5 2. Nf3 Nc6 3. Bc4 Bc5 4. 0-0 Nf6 5. d3 h6 6. Nc3 d6 7. h3 0-0 8. Be3 Bxe3 9. fxe3 Be6 10. Bxe6 fxe6 11. d4 exd4 12. exd4 1/2-1/2

[Event "CRO-chT U16 Girls (2013) final"]
[Site "Rijeka"]
[Date "2014.01.11"]
[Round "5"]
[White "Bogdanic, Antonela"]
[Black "Klaric, Nikolina"]
[Result "1-0"]
[WhiteElo "1491"]
[BlackElo "1512"]
[PlyCount "133"]
[EventDate "2014.01.09"]
[EventType "team-tourn"]
[EventRounds "5"]
[EventCountry "CRO"]
[SourceTitle "EXT 2023"]
[Source "ChessBase"]
[SourceDate "2022.10.05"]
[SourceVersion "1"]
[SourceVersionDate "2022.10.05"]
[SourceQuality "1"]

1. e4 e5 2. Nf3 Nc6 3. Bc4 Nf6 4. d3 Be7 5. Nc3 d6 6. h3 0-0 7. 0-0 Be6 8. Bb3 Qd7 9. Be3 d5 10. exd5 Nxd5 11. Nxd5 Bxd5 12. Re1 Bxb3 13. axb3 Bf6 14. Bg5 Bxg5 15. Nxg5 f6 16. Ne4 Nd4 17. Qd2 Rfd8 18. Nc3 a6 19. Ne2 Ne6 20. Nc3 Rac8 21. Rad1 c5 22. Ne4 Qd4 23. Qc3 Qd5 24. Qc4 Qxc4 25. bxc4 Rc6 26. Nc3 Nd4 27. Rd2 Rcd6 28. Nd5 R8d7 29. f3 Ne6 30. g3 Nc7 31. Nxc7 Rxc7 32. Kf2 Kf7 33. Ke3 Rcd7 34. Red1 g6 35. c3 Ke6 36. d4 exd4+ 37. cxd4 cxd4+ 38. Rxd4 Rxd4 39. Rxd4 Rxd4 40. Kxd4 Kd6 41. b4 b6 42. f4 h6 43. g4 g5 44. f5 Kc6 45. Kc3 Kd6 46. Kd4 Kc6 47. c5 bxc5+ 48. bxc5 a5 49. Kc4 a4 50. Kb4 a3 51. Kxa3 Kxc5 52. Kb3 Kd4 53. Kb4 Ke4 54. Kc5 Ke5 55. Kc6 Kf4 56. Kd6 Kg3 57. Ke6 Kxh3 58. Kxf6 Kxg4 59. Kg6 h5 60. f6 h4 61. f7 Kg3 62. f8Q g4 63. Qf1 Kh2 64. Kg5 h3 65. Qf4+ g3 66. Kh4 Kh1 67. Kxh3 1-0

[Event "CRO-ch U15 Girls"]
[Site "Split"]
[Date "2013.06.22"]
[Round "3"]
[White "Dasic, Lana"]
[Black "Bogdanic, Antonela"]
[Result "1/2-1/2"]
[WhiteElo "1602"]
[BlackElo "1468"]
[PlyCount "37"]
[EventDate "2013.06.21"]
[EventType "swiss"]
[EventRounds "9"]
[EventCountry "CRO"]
[SourceTitle "EXT 2014"]
[Source "ChessBase"]
[SourceDate "2013.11.20"]
[SourceVersion "1"]
[SourceVersionDate "2013.11.20"]
[SourceQuality "1"]

1. e4 e5 2. Nf3 Nc6 3. d4 exd4 4. Nxd4 Bc5 5. Be3 Qf6 6. c3 Nge7 7. Be2 a6 8. 0-0 0-0 9. Nxc6 Qxc6 10. Bxc5 Qxc5 11. Qd4 Qc6 12. Nd2 d5 13. Rad1 dxe4 14. Qxe4 Be6 15. Qxc6 Nxc6 16. Bc4 Rfe8 17. Rfe1 Bxc4 18. Nxc4 Kf8 19. Kf1 1/2-1/2

[Event "Mediterranean Flower (Women) 13th"]
[Site "Rijeka"]
[Date "2013.03.14"]
[Round "7"]
[White "Bogdanic, Antonela"]
[Black "Samanic, Verena"]
[Result "0-1"]
[WhiteElo "1487"]
[BlackElo "1626"]
[PlyCount "104"]
[EventDate "2013.03.09"]
[EventType "swiss"]
[EventRounds "9"]
[EventCountry "CRO"]
[SourceTitle "CBM 153 Extra"]
[Source "ChessBase"]
[SourceDate "2013.04.22"]
[SourceVersion "1"]
[SourceVersionDate "2013.04.22"]
[SourceQuality "1"]

1. e4 e5 2. Nf3 Nc6 3. Bc4 Bc5 4. Nc3 d6 5. h3 Be6 6. Bb3 Nge7 7. d3 0-0 8. 0-0 Qd7 9. Be3 Bb6 10. Qd2 Kh8 11. Rad1 f5 12. Bxe6 Qxe6 13. exf5 Nxf5 14. Bxb6 axb6 15. a3 Ncd4 16. Nxd4 Nxd4 17. Kh1 Rf6 18. Ne4 Rh6 19. Ng5 Qe7 20. Rde1 Rh5 21. Ne4 Qe6 22. Re3 Rf5 23. Qc3 c6 24. Qd2 Rf4 25. Ng5 Qg6 26. Rg3 Qf6 27. Ne4 Qe7 28. c3 Nf5 29. Rg4 Rxg4 30. hxg4 Nh6 31. f3 Rf8 32. Qg5 Qxg5 33. Nxg5 Nxg4 34. Kg1 Ne3 35. Re1 h6 36. Ne4 Nf5 37. b3 Rd8 38. a4 Kg8 39. Kf2 Kf7 40. g4 Ne7 41. Ke3 Nd5+ 42. Kd2 Nf4 43. Rd1 Ke6 44. Ke3 Rf8 45. d4 Nd5+ 46. Ke2 Rf4 47. c4 Rxe4+ 48. fxe4 Nc3+ 49. Kd2 Nxd1 50. Kxd1 exd4 51. Ke2 Ke5 52. Kd3 c5 0-1